The ethical teaching of Jesus / (Record no. 1299)

MARC details
000 -LEADER
fixed length control field 01057nam a2200193 a 4500
003 - CONTROL NUMBER IDENTIFIER
control field PILC
005 - DATE AND TIME OF LATEST TRANSACTION
control field 20250314131251.0
008 - FIXED-LENGTH DATA ELEMENTS--GENERAL INFORMATION
fixed length control field 050429s1924 xx 00 eng d
010 ## - LIBRARY OF CONGRESS CONTROL NUMBER
LC control number Acc#3185,3268,13563
040 ## - CATALOGING SOURCE
Transcribing agency Philippine Baptist Theological Seminary
050 ## - LIBRARY OF CONGRESS CALL NUMBER
Classification number BS 2545 .E8
Item number Sc84 1924
100 10 - MAIN ENTRY--PERSONAL NAME
Personal name Scott, Ernest F.
245 10 - TITLE STATEMENT
Title The ethical teaching of Jesus /
Statement of responsibility, etc. By Ernest F. Scott.
260 0# - PUBLICATION, DISTRIBUTION, ETC (IMPRINT)
Place of publication, distribution, etc. New York, NY :
Name of publisher, distributor, etc. Macmillan,
Date of publication, distribution, etc. c1924.
300 ## - PHYSICAL DESCRIPTION
Extent 133 p. : 19 cm.
505 ## - FORMATTED CONTENTS NOTE
Formatted contents note I. The records of the teaching -- II. Old and new in the ethic of Jesus -- III. The nature of the teaching -- IV. The criticism of the law -- V. The religious basis -- VI. The apocalyptic background -- VII. Renunciation -- VIII. The social and personal motives -- IX. Trust in God's providence -- X. Non-resistance -- XI. The political attitude of Jesus -- XII. Man's duty to his neighbor -- XIII. Possessions -- XIV. The family -- XV. Personal virtues -- XVI. The new type of character -- XVII. Permanent validity.
650 ## - SUBJECT ADDED ENTRY--TOPICAL TERM
Topical term or geographic name as entry element CHRISTIAN ETHICS
942 ## - ADDED ENTRY ELEMENTS (KOHA)
Koha item type Circulation Books
Source of classification or shelving scheme Dewey Decimal Classification
Holdings
Withdrawn status Lost status Source of classification or shelving scheme Damaged status Not for loan Home library Current library Shelving location Date acquired Total Checkouts Full call number Barcode Date last seen Price effective from Koha item type Total Renewals Date last checked out
    Dewey Decimal Classification     PBTS Library PBTS Library Circulation Section 04/29/2005   BS 2545 .E8 Sc84 1924 3185 03/10/2026 04/02/2015 Circulation Books    
    Dewey Decimal Classification     PBTS Library PBTS Library Circulation Section 04/29/2005   BS 2545 .E8 Sc84 1924 3268 03/10/2026 04/02/2015 Circulation Books    
    Dewey Decimal Classification     PBTS Library PBTS Library Circulation Section 05/31/2006 1 BS 2545 .E8 Sc84 1924 36364 03/10/2026 04/02/2015 Circulation Books 7 08/05/2016

Philippine Baptist Theological Seminary | 19 Tacay Road, Central Guisad, Baguio City 2600, Philippines